000 01226nam a2200229Ia 4500
001 L262-20030
003 IT-CnALBA
008 170116s9999||||xx |||||||||||||| ||und||
040 _aIT-CnALBA
_cIT-CnALBA
041 _aITALIANO
100 _aMAFFEI A. PAOLO
245 0 _aVIRTÙ E MIRACOLI DI S. PIO V.
250 _a1a ed.
260 _aMONDOVI'
_bBIANCO G. TIPOGRAFO VESCOVILE. MONDOVI'
_c1872 [1° Ed.:1872 - Ed.Ling.Originale: 1872]
300 _a175 p. (prefazione: 18)
500 _aFONTE, VITA DI MAFFEI A. PAOLO. ESTRATTO. CURATORE GHILARDI VESCOVO. VIRTÙ E PIETÀ DI S. PIO V. ORAZIONE. AMORE ALLA CHIESA. AMORE AL PROSSIMO. CASTITÀ AUSTERITA'. UMILTÀ. RAPPORTI CON I PARENTI. GOVERNO DELLA CHIESA. GIUSTIZIA. GRATITUDINE. LIBERALITA'.
501 _aSocietà San Paolo EM - Piazza San Paolo, 14 - 12051 ALBA (CN) (non commercial uses only) ® Copyright 2017
520 _aFONTE, VITA DI MAFFEI A. PAOLO. ESTRATTO. CURATORE GHILARDI VESCOVO. VIRTÙ E PIETÀ DI S. PIO V. ORAZIONE. AMORE ALLA CHIESA. AMORE AL PROSSIMO. CASTITÀ AUSTERITA'. UMILTÀ. RAPPORTI CON I PARENTI. GOVERNO DELLA CHIESA. GIUSTIZIA. GRATITUDINE. LIBERALITA'.
650 _aECCLESIOLOGIA
942 _cBK
957 _71
999 _a24769
_bSI
_g Copie: 1
_c279150
_d279150